00480nam a22001577a 4500020001500000040000900015082002100024100002500045245002700070250001900097260003800116650002700154942001200181999001900193952011000212 a8178085658 cNUST a621.3815324bHAY aSimon Haykin9114061 aAdaptive Filter Theory aFourth Edition aIndia:bPearson Education,c2002. 2Adaptive Filter Theory 2ddccBK c610467d610467 00102ddc4070aCEMEbCEMEcGENd2024-07-21l0o621.3815324 HAYpCEME- 43575r2024-07-21w2024-07-21yBK